| 000 | 00524nam a2200121Ia 4500 | ||
|---|---|---|---|
| 008 | 220615s9999||||xx |||||||||||||| ||und|| | ||
| 100 | _aHernandez-Soriano, Maria C.||Carlos Jiménez-López, José | ||
| 245 | 0 | _aChapter Metabolomics for soil contamination assessment | |
| 546 | _aEnglish[eng] | ||
| 650 | _aEarth sciences, geography, environment, planning | ||
| 856 | _uhttps://library.oapen.org/bitstream/20.500.12657/49125/1/46314.pdf||https://library.oapen.org/bitstream/20.500.12657/49125/1/46314.pdf | ||
| 942 | _cEB | ||
| 999 |
_c10302 _d10302 |
||